|
|
|
|
| LEADER |
01835nam a2200433 a 4500 |
| 001 |
EBC3386307 |
| 003 |
MiAaPQ |
| 005 |
20200520144314.0 |
| 006 |
m o d | |
| 007 |
cr cn||||||||| |
| 008 |
080721s2008 enk sb 001 0deng d |
| 010 |
|
|
|z 2008298242
|
| 020 |
|
|
|z 0745325629
|
| 020 |
|
|
|z 9780745325613
|
| 020 |
|
|
|z 0745325610
|
| 020 |
|
|
|z 9780745325620
|
| 020 |
|
|
|a 9781849643283 (electronic bk.)
|
| 035 |
|
|
|a (MiAaPQ)EBC3386307
|
| 035 |
|
|
|a (Au-PeEL)EBL3386307
|
| 035 |
|
|
|a (CaPaEBR)ebr10479836
|
| 035 |
|
|
|a (CaONFJC)MIL187873
|
| 035 |
|
|
|a (OCoLC)298456280
|
| 040 |
|
|
|a MiAaPQ
|c MiAaPQ
|d MiAaPQ
|
| 050 |
|
4 |
|a HB501.M5
|b S44 2008
|
| 100 |
1 |
|
|a Shapiro, Stephen,
|d 1964-
|
| 245 |
1 |
0 |
|a How to read Marx's capital
|h [electronic resource] /
|c Stephen Shapiro.
|
| 246 |
3 |
0 |
|a Marx's Capital
|
| 260 |
|
|
|a London ;
|a Ann Arbor :
|b Pluto,
|c 2008.
|
| 300 |
|
|
|a x, 182 p.
|
| 490 |
1 |
|
|a How to read theory
|
| 504 |
|
|
|a Includes bibliographical references (p. 174-175) and index.
|
| 505 |
0 |
|
|a pt. 1. Commodities and money -- pt. 2 The transformation of money into capital -- pt. 3. The production of absolute surplus-value -- pt. 4. The production of relative surplus-value -- pt. 5. The production of absolute and relative surplus-value -- pt. 6. Wages -- pt. 7. The process of accumulation of capital -- pt. 8. So-called primitive ['originating'] accumulation.
|
| 533 |
|
|
|a Electronic reproduction. Ann Arbor, MI : ProQuest, 2015. Available via World Wide Web. Access may be limited to ProQuest affiliated libraries.
|
| 600 |
1 |
0 |
|a Marx, Karl,
|d 1818-1883.
|t Kapital.
|
| 650 |
|
0 |
|a Marxian economics.
|
| 655 |
|
4 |
|a Electronic books.
|
| 710 |
2 |
|
|a ProQuest (Firm)
|
| 830 |
|
0 |
|a How to read theory.
|
| 856 |
4 |
0 |
|u https://ebookcentral.proquest.com/lib/matrademy/detail.action?docID=3386307
|z Click to View
|